| 000 | 00355nam a22001457a 4500 | ||
|---|---|---|---|
| 003 | SGT | ||
| 082 |
_a617.6342 _bC21G |
||
| 100 | _aGoel, Aditi | ||
| 245 | _aComparative evaluation of 4%..... | ||
| 260 |
_aGurugram, Haryana _bSGT University _c2021 |
||
| 300 | _a90 | ||
| 650 | _aConservative Denistry | ||
| 653 | _aConservative Denistry | ||
| 942 |
_2ddc _cTH |
||
| 999 |
_c23608 _d23608 |
||